Giáo trình công nghệ môi trường

Bewaard in:
Bibliografische gegevens
Hoofdauteur: Trịnh Thị Thanh
Formaat: Boek
Taal:Vietnamese
Gepubliceerd in: Đại học quốc gia Hà Nội 2003
Tags: Voeg label toe
Geen labels, Wees de eerste die dit record labelt!
Thư viện lưu trữ: Mạng thư viện Đại học Đà Nẵng
LEADER 00682nam a2200253 4500
001 000022741
003 19190
005 20150514140509.0
008 150514s2003 viesd
020 |c 30700 
041 0 |a vie 
082 1 4 |a 628  |b TR-T 
100 1 |a Trịnh Thị Thanh 
245 1 0 |a Giáo trình công nghệ môi trường  |c Trịnh Thị Thanh, Trần Yêm, Đồng Kim Loan 
260 |b Đại học quốc gia Hà Nội  |c 2003 
300 |a tr.  |c cm. 
OWN |a LSP 
999 |a From the UDN01 
TYP |a Monograph 
TYP |a Printed language 
980 |a Mạng thư viện Đại học Đà Nẵng